000 00543nam a2200181Ia 4500
005 20250326125529.0
008 250326s9999 xx 000 0 und d
037 _aTextbook
040 _aFMSL
_beng
_cFMSL
041 _aeng
_2eng
084 _aD658(B) M3
_qFMSL
100 _aComplete Guide
_9739232
245 0 _aHow to begin career in computers
_cComplete Guide
260 _aNew Delhi
_bNew Delhi, National Institute of Computer Education
_c1983
300 _a162p
942 _cTB
_hD658(B) M3
999 _c1278451
_d1278451